000 00686nam a2200265Ia 4500
003 OSt
005 20221005090356.0
006 a|||||r|||| 00| 0
007 ta
008 221004b |||||||| |||| 00| 0 eng d
024 _a37031
037 _cTextual
040 _aCRL
_cCRL
_beng
041 _2eng
_aeng
082 _aOx, N0
100 _aPickering James H
_9615242
245 0 _aLiterature
250 _a3rd
260 _aNew York
_bMacmillan
_c1990
300 _axxvii, 1710p
_ccm.
650 _aENGLISH LITERATURE
700 _a Hoeper Jeferey D
_9615243
942 _hOx, N0
_cTEXL
_2cc
999 _c995712
_d995712